Choose the Right Continent - Statistics

General Stats
  • This quiz has been taken 22 times
  • The average score is 14 of 20
Answer Stats
Question Answer % Correct
Location of Israel. Asia
100%
The birthplace of the Roman Empire. Europe
100%
Three out of every five people live here. Asia
93%
Contains the majority of lakes on Earth. North America
93%
Believed to be the origin of humanity. Africa
86%
The continent with the largest population of French speakers. Africa
86%
The only continent with no indigenous human population. Antarctica
86%
Birthplace of the Inca civilization. South America
86%
Location of Guyana. South America
86%
Gunpowder was accidentally invented here around 800 A.D. Asia
79%
Home of Uluru rock, the largest sandstone monolith in the world, considered sacred by the Anangu peoples. Oceania
79%
Has the most UNESCO World Heritage Sites. Europe
64%
Location of the Brazos, Rio Grande, and Columbia rivers. North America
64%
The smallest continent. Oceania
64%
Continent with the most polar bears. North America
57%
Contains the world’s largest desert Antarctica
50%
This continent is slowly splitting in two, and will likely form a 6th ocean and 8th continent over the course of millions of years. Africa
43%
Has an Internet country code top-level domain of .aq. Antarctica
36%
The continent with the highest biodiversity. South America
36%
Home to the most reptile species. Oceania
14%
No matching quizzes found
Score Distribution
Percent of People with Each Score
Percentile by Number Answered
Your Score History
You have not taken this quiz